1980s Movies A-Z IV Quiz Stats

 Plays Quiz not verified by Sporcle

Score 0/24 Timer 06:00
6 Plays Today
% Correct
Top Gun
95.8%
Driving Miss Daisy
95.1%
The Goonies
92%
Pretty in Pink
87.6%
Bill & Ted’s Excellent Adventure
86.8%
Little Shop of Horrors
84.5%
Child’s Play
79.4%
National Lampoon’s Vacation
78.9%
Out of Africa
76.6%
Raising Arizona
76.5%
Weekend at Bernie’s
72.4%
Heathers
72%
% Correct
First Blood
69.2%
The Money Pit
68.1%
Say Anything...
64.5%
Adventures in Babysitting
56.7%
Kickboxer
54.5%
Eight Men Out
46.5%
The Incredible Shrinking Woman
43.9%
A View to a Kill
42.1%
UHF
39.8%
The Jazz Singer
24%
Year of the Dragon
7.9%
Zoot Suit
7.9%

You're not logged in!

Compare scores with friends on all Sporcle quizzes.
OR
Log In

Show Comments

Extras

Top Quizzes Today


Score Distribution

Your Account Isn't Verified!

In order to create a playlist on Sporcle, you need to verify the email address you used during registration. Go to your Sporcle Settings to finish the process.

Report this User

Report this user for behavior that violates our Community Guidelines.

Details: